| 000 | 01056cam a2200265 a 4500 | ||
|---|---|---|---|
| 001 | 000011765 | ||
| 005 | 20200929162545.0 | ||
| 008 | 960327s1995 ck abd b 001 0 spa | ||
| 010 | _a96130308 | ||
| 040 |
_aDO-SdBNP _cDLC |
||
| 082 |
_a417.2 _bM779d |
||
| 100 | 1 | 0 |
_aMontes Giraldo, José Joaquín. _927826 |
| 245 | 1 | 0 |
_aDialectología general e hispanoamericana : _borientación teórica, metodológica y bibliográfica / _cJosé Joaquín Montes Giraldo. |
| 250 | _a3. ed. reelaborada, corr. y aum. | ||
| 260 |
_aSantafé de Bogotá : _bInstituto Caro y Cuervo, _c1995. |
||
| 300 |
_a311 p. : _bil., mapa, diagr. ; _c24 cm. |
||
| 490 | 1 |
_aPublicaciones del Instituto Caro y Cuervo, _v91 |
|
| 504 | _aIncluye referencias bibliográficas (p. [189] -286) y el índice. | ||
| 504 | _aIncluye notas y referencia al pie de páginas | ||
| 650 | 4 |
_aDialectología _927827 |
|
| 650 | 4 |
_aEspañol _xDialectos _zAmérica _918733 |
|
| 830 | 0 |
_aPublicaciones del Instituto Caro y Cuervo ; _v91 _912549 |
|
| 910 | _aCatalogación por copia / LC | ||
| 049 | _aBNGR | ||
| 999 |
_c11439 _d11439 |
||